000 00541nam a22001697a 4500
003 NUST
038 _aNusrat Nadeem
082 _a200
100 _aEjaz, Adnan
_9125677
245 _aImpact of Domestic and Foreign Institutional Ownership on Firm Value in Pakistan/
_cAdnan Ejaz,
264 _aIslamabad;
_bNBS NUST;
_c2024.
300 _a40,p;
_bill;
_c30,cm.
650 _aExecutive MBA 
_9125080
700 _aSupervisor: Dr. Ajid Ur Rehman
_9125679
856 _uhttp://10.250.8.41:8080/xmlui/handle/123456789/46337
942 _2ddc
_cSC
999 _c611396
_d611396